|
|
|
|
| LEADER |
01834nam a2200373 i 4500 |
| 001 |
nkc20213319893 |
| 003 |
CZ PrNK |
| 005 |
20210624145917.0 |
| 007 |
ta |
| 008 |
210419s2021 xr g 000 p cze |
| 015 |
|
|
|a cnb003319893
|
| 020 |
|
|
|a 978-80-87563-89-2
|q (brožováno) :
|c Kč 150,00
|
| 035 |
|
|
|a (OCoLC)1260123472
|
| 040 |
|
|
|a ABG001
|b cze
|d ABA001
|e rda
|
| 072 |
|
7 |
|a 821.162.3-1
|x Česká poezie
|2 Konspekt
|9 25
|
| 080 |
|
|
|a 821.162.3-1
|2 MRF
|
| 080 |
|
|
|a (0:82-1)
|2 MRF
|
| 100 |
1 |
|
|a Krejčík, Přemysl,
|d 1991-
|7 xx0197400
|4 aut
|
| 245 |
1 |
0 |
|a O auschwitzu psát nebudu /
|c Přemysl Krejčík
|
| 250 |
|
|
|a 1. vydání
|
| 264 |
|
1 |
|a Praha :
|b Petr Štengl,
|c 2021
|
| 300 |
|
|
|a 56 stran ;
|c 15 cm
|
| 336 |
|
|
|a text
|b txt
|2 rdacontent
|
| 337 |
|
|
|a bez média
|b n
|2 rdamedia
|
| 338 |
|
|
|a svazek
|b nc
|2 rdacarrier
|
| 520 |
2 |
|
|a Kniha poezie českého spisovatele, literárního publicisty a básníka Přemysla Krejčíka je originální meditací a úvahou nad postavením člověka v městských aglomeracích, na jejich okrajích i v oblastech hustě zalidněných.
|b Ve své třetí básnické sbírce autor prochází městy, evropskými i mimoevropskými metropolemi a periferiemi. Zachytává na první pohled neviděné detaily, ať už ve městě živém nebo v jeho zakonzervované podobě. Místy překračuje hranice cest až do čistě virtuálního prostoru, přičemž se neomezuje na popisy míst, neboť mezi verši vystupuje reflexe globálně aktuálních témat. Nakladatelská anotace.
|
| 655 |
|
7 |
|a česká poezie
|7 fd133958
|2 czenas
|
| 655 |
|
9 |
|a Czech poetry
|2 eczenas
|
| 910 |
2 |
|
|a BOA001
|b S-1464.712
|
| 920 |
|
|
|a 4590677
|z ABG001
|
| 990 |
|
|
|a BK
|
| 995 |
|
|
|a 01
|
| 991 |
|
|
|b 202106
|c NOV
|
| 996 |
6 |
|
|b 2610865661
|c S-1464.712
|l MZK
|r Sklad / do 24 hodin
|n 0
|p p.v.
|w 001852062
|u 000010
|a 1
|e BOA001
|j MZK50
|s P
|